Countries Bordering Unknown Country #14 - Statistics

General Stats
  • This quiz has been taken 895 times
  • The average score is 7 of 8
Answer Stats
Bordering Country Answer % Correct
N Niger
98%
A Algeria
97%
Mali
96%
M Mauritania
94%
B Burkina Faso
91%
S Senegal
91%
G Guinea
90%
C Côte d’Ivoire
75%
No matching quizzes found
Score Distribution
Percent of People with Each Score
Percentile by Number Answered
Your Score History
You have not taken this quiz